Statistics for Ultimate F.R.I.E.N.D.S Trivia

Click here to take the quiz!

General Stats

  • This quiz has been taken 136 times
  • The average score is 10 of 15

Answer Stats

QuestionAnswer% Correct
What was the name of the white-haired coffee shop barista who was in love with Rachel?Gunther
100%
How many times was Ross divorced?3
96%
What is the name of Ross and Rachel's daughter?Emma
96%
What is the name of the actress who plays Chandler's annoying ex-girlfriend, Janice?Maggie Wheeler
91%
Which character did not date one of the 6 main characters?Estelle Leonard
90%
What is the name of the yearly newspaper that Monica and Ross get?The Geller Yeller
74%
What is the name of Monica's and Ross's parents?Jack and Judy
71%
What is the name of the neighbourhood that the characters live in?Greenwich Village
67%
What is the name of Rachel's sisters?Amy and Jill
64%
What is the name of Ross's occupation?Paleontologist
52%
Which one of these characters DIDN'T date Joey?Esme Thorne
50%
What is the name of Chandler and Monica's adopted twins?Jack and Erica
41%
What is the name of the coffee house the friends hang out at?Central Perk
35%
Joey moves to Las Vegas for a part in a movie but ends up working in Caesars Palace Casino as what?As a costumed gladiator
27%
What is Chandler Bing's job?manager
9%

Score Distribution

Percentile by Number Answered

Percent of People with Each Score

Your Score History

You have not taken this quiz